Trouve la logique puis fait les bons clics #5 - Statistiques

Statistiques générales
  • Ce quiz a été pris 40 fois
  • Le résultat moyen est 3 sur 10
Statistiques - réponses
Hint Réponse % Correct
Évry-Courcouronnes - Nanterre Étape 9
46%
Carcassonne - Rodez Étape 1
43%
Toulouse - Auch Étape 3
43%
Mâcon - Le Mans Étape 7
38%
Troyes - Troyes Étape 10
35%
Dijon - Saint-Brieuc Étape 2
35%
Blois - Saint-Étienne Étape 4
27%
Châlons-en-Champagne - Chaumont Étape 5
27%
Albi - Montauban Étape 8
24%
Alençon - Arras Étape 6
19%
Aucun quiz correspondant
Distribution des résultats
% des personnes avec chaque résultat
Percentile par nombre de réponses
Votre historique - résultats
Vous n’avez pas pris ce quiz